| 000 | 00805nam a22002297a 4500 | ||
|---|---|---|---|
| 999 |
_c6196 _d6196 |
||
| 003 | AR-CdUCM | ||
| 008 | 190313b ||||| |||| 00| 0 spa d | ||
| 040 |
_aMUNICIPALIDAD PROVINCIAL DEL CUSCO _cBIBLIOTECA MUNICIPAL DEL CUSCO |
||
| 082 |
_a869.568 / _bAL39 |
||
| 100 |
_aAlegria, Ciro _9807 |
||
| 245 | _aLa serpiente de oro / | ||
| 260 |
_aLima : _bEditora Latinoamericana, _c1975. |
||
| 300 |
_a167 paginas ; _c17 cm. |
||
| 440 |
_aPopulibros peruanos _917881 |
||
| 500 | _aDonación familia Nieto. | ||
| 505 | _aContenido :El río, los hombres y las balsas -- El relato del viejo Matías -- Lucindas y Florindas -- Ande, selva y río ... | ||
| 650 |
_aLiteratura peruana _9169 |
||
| 650 |
_aCuentos peruanos _97 |
||
| 650 |
_aLiteratura del siglo xx _97647 |
||
| 942 |
_2ddc _cLIBROS |
||
| 945 | _arum | ||